[Event "Grand Hotel Bali - Torneo delle stelle"]
[Site "Benidorm SPA"]
[Date "2007.12.07"]
[Round "1.2"]
[White "Tkachiev, Vladislav"]
[Black "Fedorchuk, Sergey A"]
[Result "1-0"]
[WhiteElo "2661"]
[BlackElo "2645"]
[PlyCount "55"]
[EventDate "2007.12.07"]
[Source "www.chesslib.no"]
[SourceDate "2004.05.04"]

1. Nf3 Nf6 2. c4 b6 3. g3 Bb7 4. d4 e6 5. Bg2 Be7 6. O-O O-O 7. Re1 d6 8. Nc3 c5 9. d5 exd5 10. cxd5 b5 11. Nxb5 Bxd5 12. Bf4 Qb6 13. Nxd6 Bxd6 14. Bxd6 Qxd6 15. e4 Nxe4 16. Rxe4 Nc6 17. Rh4 Rfd8 18. Qc2 h6 19. a3 Rab8 20. Rd1 Bb3 21. Rxd6 Bxc2 22. Rxd8+ Rxd8 23. Ne1 Rd1 24. Bxc6 Rxe1+ 25. Kg2 Rb1 26. Rc4 Rxb2 27. Rxc5 Bf5 28. Rxf5 1-0

[Event "Wijk aan Zee 83/519"]
[Site "?"]
[Date "2002.??.??"]
[Round "?"]
[White "Lautier, J."]
[Black "Timman, J."]
[Result "1-0"]
[WhiteElo "2687"]
[BlackElo "2605"]
[PlyCount "89"]
[EventDate "2002.??.??"]
[Source "Chess Informant"]
[SourceDate "2001.10.01"]

1. d4 Nf6 2. c4 e6 3. Nf3 b6 4. g3 Bb7 5. Bg2 Be7 6. O-O O-O 7. Re1 d5 8. cxd5 exd5 9. Nc3 Na6 10. Bf4 c5 11. dxc5 Nxc5 12. Rc1 Nce4 13. Be5 Re8 14. Bd4 Rc8 15. Bh3 Rc4 16. Nxe4 Nxe4 17. e3 Bc8 18. Bg2 Bg4 19. Rxc4 dxc4 20. Qa4 Bc5 21. Ne5 Bxd4 22. exd4 Nf6 23. Qxc4 Be6 24. Qa4 Qd6 25. Ng4 Bxg4 26. Rxe8+ Nxe8 27. Qxe8+ Qf8 28. Qc6 Qc8 29. Qc3 h6 30. a3 Be6 31. Qd2 Bf5 32. h4 Qc7 33. Qe3 Kf8 34. Qe5 Qxe5 35. dxe5 Ke7 36. f4 f6 37. exf6+ Kxf6 38. Bf3 g5 39. fxg5+ hxg5 40. g4 Bh7 41. h5 Ke5 42. Bb7 Kf4 43. Bc8 a5 44. Kf2 Be4 45. h6 1-0

[Event "Goodricke 11th op"]
[Site "Calcutta"]
[Date "2000.02.12"]
[Round "7"]
[White "Kaidanov, Gregory S"]
[Black "Kortschnoj, Viktor"]
[Result "1/2-1/2"]
[WhiteElo "2599"]
[BlackElo "2659"]
[PlyCount "25"]
[EventDate "2000.02.05"]
[Source "ChessBase"]
[SourceDate "2000.03.10"]

1. d4 Nf6 2. Nf3 e6 3. g3 b6 4. Bg2 Bb7 5. O-O Be7 6. c4 O-O 7. b3 d5 8. Ne5 Qc8 9. cxd5 Bxd5 10. Bxd5 Nxd5 11. Bb2 Qb7 12. Nd2 Na6 13. a4 1/2-1/2

[Event "SUI-chT"]
[Site "SUI"]
[Date "1996.??.??"]
[Round "9"]
[White "Gavrikov, Viktor"]
[Black "Kortschnoj, Viktor"]
[Result "1/2-1/2"]
[WhiteElo "2605"]
[BlackElo "2635"]
[PlyCount "52"]
[EventDate "1996.??.??"]
[Source "ChessBase"]

1. d4 Nf6 2. Nf3 e6 3. g3 b6 4. Bg2 Bb7 5. c4 Be7 6. O-O O-O 7. Re1 Ne4 8. Nfd2 d5 9. Nc3 f5 10. Ndxe4 dxe4 11. f3 Bf6 12. Be3 Nc6 13. fxe4 Bxd4 14. Bxd4 Qxd4+ 15. Qxd4 Nxd4 16. Rac1 f4 17. Nb5 Nxb5 18. cxb5 fxg3 19. hxg3 Rf7 20. Red1 h5 21. Bf3 g6 22. Rc3 Kg7 23. Rdc1 Rc8 24. Ra3 Ra8 25. Rac3 Rc8 26. Ra3 Ra8 1/2-1/2

[Event "Vienna op"]
[Site "Vienna"]
[Date "1986.??.??"]
[Round "?"]
[White "Gheorghiu, Florin"]
[Black "Karpov, Anatoly"]
[Result "1/2-1/2"]
[WhiteElo "2525"]
[BlackElo "2700"]
[PlyCount "26"]
[EventDate "1986.01.??"]
[Source "ChessBase"]

1. d4 Nf6 2. c4 e6 3. Nf3 b6 4. g3 Bb7 5. Bg2 Be7 6. O-O O-O 7. b3 d5 8. cxd5 Nxd5 9. Bb2 Nd7 10. Nc3 c5 11. Rc1 Rc8 12. Nxd5 Bxd5 13. Qd3 cxd4 1/2-1/2

[Event "Camp. russo a squadre 2007"]
[Site "Sochi RUS"]
[Date "2007.05.04"]
[Round "3"]
[White "Shomoev, A."]
[Black "Tiviakov, S."]
[Result "1/2-1/2"]
[WhiteElo "2551"]
[BlackElo "2663"]
[PlyCount "87"]
[EventDate "2007.05.02"]
[Source "www.chesslib.no"]
[SourceDate "2004.05.04"]

1. d4 Nf6 2. c4 e6 3. Nf3 b6 4. g3 Bb7 5. Bg2 Be7 6. O-O O-O 7. d5 exd5 8. Nh4 c6 9. cxd5 Nxd5 10. Nf5 Nc7 11. e4 d5 12. Re1 dxe4 13. Nc3 Ne6 14. Qg4 Nd7 15. Nxe4 Ne5 16. Nh6+ Kh8 17. Nxf7+ Nxf7 18. Qxe6 Bb4 19. Nc3 Re8 20. Qxe8+ Qxe8 21. Rxe8+ Rxe8 22. Be3 Bxc3 23. bxc3 Re7 24. a4 c5 25. a5 Bxg2 26. Kxg2 h6 27. axb6 axb6 28. Rb1 Re6 29. Bf4 Rc6 30. Kf3 Rf6 31. Ke4 Ng5+ 32. Kd5 Rf5+ 33. Kc4 Nh3 34. Be3 Nxf2 35. Rxb6 Ng4 36. Bxc5 Nxh2 37. Bd4 Kh7 38. Rb5 Rf3 39. Rb2 Ng4 40. Rb7 Ne3+ 41. Kd3 Nf5+ 42. Ke4 Rxc3 43. Rxg7+ Nxg7 44. Bxc3 1/2-1/2

[Event "Leningrad training m"]
[Site "Leningrad RUS"]
[Date "1971.??.??"]
[Round "6"]
[White "Korchnoi, Viktor L"]
[Black "Karpov, Anatoly"]
[Result "1/2-1/2"]
[WhiteElo "2660"]
[BlackElo "2540"]
[PlyCount "99"]
[EventDate "1971.??.??"]
[Source "www.chesslib.no"]
[SourceDate "2004.05.04"]

1. d4 Nf6 2. c4 e6 3. Nf3 b6 4. g3 Bb7 5. Bg2 Be7 6. O-O O-O 7. d5 exd5 8. Nd4 Nc6 9. cxd5 Nxd4 10. Qxd4 c5 11. Qd2 d6 12. Nc3 a6 13. b3 Nd7 14. a4 Rb8 15. Rb1 Bc8 16. Rd1 Re8 17. Ba3 Qc7 18. b4 Ne5 19. Qf4 Bd7 20. h3 Rec8 21. b5 Ra8 22. Bc1 axb5 23. axb5 Ra5 24. Qe4 Bf6 25. Qc2 Rca8 26. Kh2 Ng6 27. Bb2 Qd8 28. f4 Qe8 29. e4 Bxb5 30. Nxb5 Rxb5 31. Bxf6 gxf6 32. Rxb5 Qxb5 33. Rb1 Qa6 34. h4 Kg7 35. h5 Nf8 36. Qd1 h6 37. Qg4+ Kh8 38. Qf5 Nh7 39. e5 dxe5 40. d6 Qe2 41. d7 Kg7 42. Rxb6 Ra2 43. Qh3 Rd2 44. Rb2 Rxb2 45. d8=Q Nf8 46. fxe5 fxe5 47. Qdh4 Rb4 48. g4 Rf4 49. Q4g3 Ne6 50. Qe3 1/2-1/2

[Event "Russia (ch) 73/594"]
[Site "?"]
[Date "1998.??.??"]
[Round "?"]
[White "Poluljahov, Aleksandr"]
[Black "Tiviakov, Sergei"]
[Result "0-1"]
[WhiteElo "2530"]
[BlackElo "2655"]
[PlyCount "74"]
[EventDate "1998.??.??"]
[Source "ChessBase"]
[SourceDate "1998.06.01"]

1. Nf3 Nf6 2. c4 b6 3. g3 Bb7 4. Bg2 e6 5. O-O Be7 6. d4 O-O 7. Re1 Na6 8. Nc3 Ne4 9. Nxe4 Bxe4 10. Qa4 Qc8 11. Ne5 Bxg2 12. Kxg2 c5 13. d5 exd5 14. cxd5 Nb4 15. Rd1 d6 16. Nf3 Qb7 17. a3 b5 18. Qb3 Na6 19. Qc2 Rfe8 20. Bf4 c4 21. a4 Nb4 22. Qd2 a5 23. axb5 Qxb5 24. Ra3 Bf8 25. Be3 h6 26. Kg1 Re4 27. Kf1 Rae8 28. Kg2 Be7 29. Kg1 Bf6 30. h4 Bd8 31. Kg2 Kh7 32. Nd4 Qxd5 33. f3 R4e7 34. Bf2 Qe5 35. g4 Bb6 36. Nf5 Bxf2 37. Kxf2 Qh2+ 0-1

[Event "LXVI Campionato georgiano"]
[Site "Tbilisi GEO"]
[Date "2007.03.21"]
[Round "7"]
[White "Jobava, Ba"]
[Black "Aroshidze, L."]
[Result "1/2-1/2"]
[WhiteElo "2650"]
[BlackElo "2531"]
[PlyCount "74"]
[EventDate "2007.03.14"]
[Source "www.chesslib.no"]
[SourceDate "2004.05.04"]

1. d4 Nf6 2. c4 e6 3. Nf3 b6 4. g3 Bb7 5. Bg2 Be7 6. O-O O-O 7. d5 Na6 8. Nc3 Bb4 9. Ne1 Bxc3 10. bxc3 Nc5 11. Ba3 Rb8 12. Nc2 Ba6 13. Re1 Bxc4 14. e4 exd5 15. Ne3 d6 16. exd5 Ba6 17. c4 Re8 18. Bb2 b5 19. cxb5 Bxb5 20. Bd4 Nfd7 21. Nf5 Rxe1+ 22. Qxe1 f6 23. Qe3 Qe8 24. Qc3 Bd3 25. Bh3 Qe2 26. Bf1 Qc2 27. Ne7+ Kf8 28. Qxc2 Bxc2 29. Nc6 Rb1 30. Rxb1 Bxb1 31. Nxa7 Bxa2 32. Nb5 Bxd5 33. Nxc7 Ne6 34. Nxe6+ Bxe6 35. f3 Ne5 36. Kf2 Ke7 37. Ke3 Bd5 1/2-1/2

[Event "Rubinstein mem"]
[Site "Polanica Zdroj"]
[Date "1995.??.??"]
[Round "11"]
[White "Sosonko, Gennadi"]
[Black "Tiviakov, Sergei"]
[Result "1-0"]
[WhiteElo "2525"]
[BlackElo "2655"]
[PlyCount "59"]
[EventDate "1995.08.??"]
[Source "ChessBase"]

1. d4 Nf6 2. Nf3 e6 3. g3 b6 4. Bg2 Bb7 5. O-O Be7 6. c4 O-O 7. d5 exd5 8. Nh4 c6 9. cxd5 Nxd5 10. Nf5 Nc7 11. e4 d5 12. Re1 Ne6 13. exd5 cxd5 14. Nc3 Bb4 15. Qg4 Bxc3 16. bxc3 Qf6 17. Ba3 Nc5 18. Bxc5 bxc5 19. Ne7+ Kh8 20. Rab1 Bc6 21. Nxd5 Qd8 22. Rbd1 Qa5 23. Re7 Na6 24. Qf5 Bxd5 25. Bxd5 Rad8 26. Rxa7 c4 27. Kg2 h6 28. Rd4 Qb6 29. Be4 g6 30. Rxd8 1-0

[Event "Moscow ol (Men)"]
[Site "Moscow"]
[Date "1994.??.??"]
[Round "3"]
[White "Piket, Jeroen"]
[Black "Renet, Olivier"]
[Result "1-0"]
[WhiteElo "2640"]
[BlackElo "2530"]
[PlyCount "89"]
[EventDate "1994.11.??"]
[Source "ChessBase"]

1. d4 Nf6 2. c4 e6 3. Nf3 b6 4. g3 Bb7 5. Bg2 Be7 6. O-O O-O 7. Re1 Na6 8. Nc3 Ne4 9. Nxe4 Bxe4 10. Qa4 Qc8 11. Ne5 Bxg2 12. Kxg2 Qb7+ 13. e4 c6 14. Bd2 Rac8 15. Rac1 Rfd8 16. Qb3 d6 17. Nf3 d5 18. cxd5 cxd5 19. Rxc8 Qxc8 20. Rc1 Qb7 21. e5 Rc8 22. Rxc8+ Qxc8 23. Qb5 Nb8 24. b3 Qc6 25. Qd3 b5 26. h4 Nd7 27. h5 h6 28. g4 a6 29. Ne1 Nf8 30. f4 g6 31. hxg6 fxg6 32. Nc2 Qe8 33. Bb4 Bxb4 34. Nxb4 Qe7 35. Qc3 h5 36. gxh5 Qh4 37. Qf3 gxh5 38. Qg3+ Qxg3+ 39. Kxg3 Ng6 40. Nxa6 Ne7 41. Kh4 Nf5+ 42. Kxh5 Nxd4 43. Kg6 Ne2 44. f5 exf5 45. e6 1-0

[Event "FRA Team Ch"]
[Site "France"]
[Date "1995.??.??"]
[Round "?"]
[White "Dorfman, Josif D"]
[Black "Komarov, Dimitri"]
[Result "1/2-1/2"]
[WhiteElo "2590"]
[BlackElo "2575"]
[PlyCount "57"]
[EventDate "1995.??.??"]
[Source "www.chesslib.no"]
[SourceDate "2004.05.04"]

1. d4 Nf6 2. c4 e6 3. Nf3 b6 4. g3 Bb7 5. Bg2 Be7 6. O-O O-O 7. b3 d5 8. cxd5 Nxd5 9. Bb2 Nd7 10. Nbd2 c5 11. Qb1 N5f6 12. Rd1 Rc8 13. dxc5 Bxc5 14. e3 Qc7 15. Ng5 Bxg2 16. Kxg2 h6 17. Nge4 Qb7 18. Kg1 Be7 19. a4 Rfd8 20. Bd4 Nxe4 21. Qxe4 Qxe4 22. Nxe4 Nb8 23. g4 Bb4 24. Bb2 Nc6 25. Rxd8+ Rxd8 26. Rc1 Na5 27. Rc7 Nxb3 28. Rxa7 Nc5 29. Nxc5 1/2-1/2

[Event "Ch"]
[Site "Ch France"]
[Date "1995.??.??"]
[Round "?"]
[White "Dorfman, Josif D"]
[Black "Komarov, Dimitri"]
[Result "1/2-1/2"]
[WhiteElo "2590"]
[BlackElo "2575"]
[PlyCount "57"]
[EventDate "1995.??.??"]
[Source "www.chesslib.no"]
[SourceDate "2004.05.04"]

1. d4 Nf6 2. c4 e6 3. Nf3 b6 4. g3 Bb7 5. Bg2 Be7 6. O-O O-O 7. b3 d5 8. cxd5 Nxd5 9. Bb2 Nd7 10. Nbd2 c5 11. Qb1 N5f6 12. Rd1 Rc8 13. dxc5 Bxc5 14. e3 Qc7 15. Ng5 Bxg2 16. Kxg2 h6 17. Nge4 Qb7 18. Kg1 Be7 19. a4 g6 20. Bd4 Rb8 21. Qa2 Qxe4 22. Nf3 Qb1 23. g4 Bc5 24. Rf1 b5 25. Ne1 Bb4 26. Qxb1 Rb7 27. Bc5 Ba3 28. Qc1 a6 29. Be7 1/2-1/2

[Event "Malta ol (Men)"]
[Site "La Valetta"]
[Date "1980.??.??"]
[Round "?"]
[White "Polugaevsky, Lev A"]
[Black "Stean, Michael F"]
[Result "1/2-1/2"]
[WhiteElo "2635"]
[BlackElo "2530"]
[PlyCount "54"]
[EventDate "1980.11.??"]
[Source "www.chesslib.no"]
[SourceDate "2004.05.04"]

1. Nf3 Nf6 2. c4 b6 3. g3 Bb7 4. Bg2 e6 5. O-O Be7 6. d4 O-O 7. d5 exd5 8. Nh4 c6 9. cxd5 Nxd5 10. Nf5 Nf6 11. e4 d5 12. Nc3 dxe4 13. Bg5 h6 14. Bxh6 gxh6 15. Qc1 Bc8 16. Nxh6+ Kh8 17. Rd1 Qc7 18. Re1 Qe5 19. Nxe4 Nxe4 20. Rxe4 Qg5 21. Nxf7+ Rxf7 22. Qxg5 Bxg5 23. Re8+ Kg7 24. Rxc8 Rf8 25. Rc7+ Rf7 26. Rc8 Rf8 27. Rc7+ Rf7 1/2-1/2

[Event "EUCup 17th"]
[Site "Panormo"]
[Date "2001.09.24"]
[Round "2"]
[White "Greenfeld, Alon"]
[Black "Rozentalis, Eduardas"]
[Result "1/2-1/2"]
[WhiteElo "2571"]
[BlackElo "2588"]
[PlyCount "91"]
[EventDate "2001.09.22"]
[Source "ChessBase"]
[SourceDate "2001.10.26"]

1. Nf3 Nf6 2. c4 e6 3. d4 b6 4. g3 Bb7 5. Bg2 Be7 6. O-O O-O 7. Re1 Na6 8. Ne5 Bxg2 9. Kxg2 c6 10. e4 Qc7 11. Nc3 Qb7 12. Qf3 Rad8 13. Bf4 d5 14. exd5 cxd5 15. Bg5 h6 16. Bxf6 Bxf6 17. cxd5 exd5 18. Rad1 Nc7 19. Ng4 Rd6 20. Qf5 Rfd8 21. Rd3 Qc6 22. Rf3 Rf8 23. Rc1 Qe8 24. h4 Bxd4 25. Qf4 Bc5 26. b4 Ne6 27. Nxh6+ gxh6 28. Qg4+ Ng7 29. bxc5 bxc5 30. Qf4 Qd7 31. Rb1 Re6 32. Rd1 d4 33. Ne4 Qc6 34. Nf6+ Rxf6 35. Qxf6 Qxf6 36. Rxf6 Ne6 37. Kf3 Kg7 38. Rf5 Rb8 39. Re5 Rb4 40. Ke4 Rb2 41. f4 Rg2 42. Kd5 Kf6 43. Rh5 Kg6 44. Re5 Kf6 45. Rh5 Kg6 46. Re5 1/2-1/2

[Event "Novi Sad (ol)"]
[Site "?"]
[Date "1990.??.??"]
[Round "?"]
[White "Nikolic, Pr"]
[Black "van der Wiel, J."]
[Result "1-0"]
[WhiteElo "2600"]
[BlackElo "2555"]
[PlyCount "121"]
[EventDate "1990.??.??"]
[Source "ChessBase"]
[SourceDate "1990.07.01"]

1. d4 Nf6 2. c4 e6 3. Nf3 b6 4. g3 Bb7 5. Bg2 Be7 6. O-O O-O 7. Bf4 d6 8. Nc3 Ne4 9. Rc1 f5 10. Nxe4 Bxe4 11. Ne1 Bxg2 12. Nxg2 Nd7 13. Qb3 Rf7 14. Rfd1 Qe8 15. c5 bxc5 16. Qxe6 Bf6 17. Qxe8+ Rxe8 18. dxc5 Nxc5 19. Rc2 Ne6 20. Kf1 g5 21. Bc1 Be5 22. Rc4 f4 23. gxf4 Nxf4 24. Nxf4 gxf4 25. Kg2 Re6 26. h4 Rg6+ 27. Kf3 h5 28. b4 Rg4 29. Rh1 Kh7 30. b5 Rg8 31. Bd2 Rb8 32. Rhc1 Rxb5 33. Rxc7 Kg6 34. Rxf7 Kxf7 35. Rc7+ Kf6 36. Rxa7 Rb2 37. Be1 Kf5 38. Ra4 Rb1 39. Bd2 Rh1 40. Bxf4 Rxh4 41. e4+ Ke6 42. Be3 Rg4 43. Ra7 Rg1 44. Rh7 Ra1 45. Bg5 d5 46. Rh6+ Kd7 47. exd5 Rxa2 48. Ke4 Bd6 49. Rh7+ Kc8 50. Be3 Ra4+ 51. Kf5 h4 52. Bg5 Ra5 53. Ke6 Ra6 54. Rh8+ Kc7 55. Bd8+ Kb7 56. Bxh4 Bc7+ 57. Kf7 Ra5 58. Rh5 Kc8 59. Bg3 Ra3 60. Bxc7 Kxc7 61. Ke6 1-0

[Event "Beijing (open)"]
[Site "?"]
[Date "1997.??.??"]
[Round "?"]
[White "Pigusov, E."]
[Black "Tiviakov, S."]
[Result "1/2-1/2"]
[WhiteElo "2560"]
[BlackElo "2590"]
[PlyCount "53"]
[EventDate "1997.??.??"]
[Source "ChessBase"]
[SourceDate "1997.06.01"]

1. Nf3 Nf6 2. c4 b6 3. g3 e6 4. Bg2 Bb7 5. O-O Be7 6. d4 O-O 7. d5 exd5 8. Nh4 c6 9. cxd5 Nxd5 10. Nf5 Nc7 11. e4 d5 12. Re1 dxe4 13. Qg4 Bf6 14. Nc3 Bc8 15. Bxe4 Bxf5 16. Qxf5 g6 17. Qf3 Ne6 18. Bh6 Nd4 19. Qg2 Re8 20. Be3 a6 21. Ne2 Ra7 22. Nxd4 Bxd4 23. Bxd4 Qxd4 24. Bxc6 Rxe1+ 25. Rxe1 Nxc6 26. Qxc6 Kg7 27. b3 1/2-1/2

[Event "3rd Int Open"]
[Site "Korinthos GRE"]
[Date "1999.07.29"]
[Round "6"]
[White "Papaioannou, I."]
[Black "Nenashev, A."]
[Result "1-0"]
[WhiteElo "2561"]
[BlackElo "2584"]
[PlyCount "109"]
[EventDate "1999.07.27"]
[Source "www.chesslib.no"]
[SourceDate "2004.05.04"]

1. Nf3 Nf6 2. c4 e6 3. g3 b6 4. Bg2 Bb7 5. O-O Be7 6. d4 O-O 7. Re1 Qc8 8. Nc3 Ne4 9. Nxe4 Bxe4 10. d5 exd5 11. cxd5 c5 12. Bg5 f6 13. d6 Bd8 14. Bd2 Qc6 15. Bc3 b5 16. b3 a5 17. Qd2 Na6 18. a4 b4 19. Bb2 c4 20. bxc4 Bb6 21. Qf4 Rae8 22. Bh3 Rf7 23. Nd4 Bxd4 24. Bxd4 Nc5 25. Qe3 Ne6 26. f3 Bc2 27. c5 f5 28. Qd2 b3 29. Bf2 Nxc5 30. Qxa5 Nb7 31. Qb4 Nxd6 32. a5 Nc4 33. Bd4 Ra8 34. Bf1 d5 35. a6 Rxa6 36. e4 Rxa1 37. exd5 Qd6 38. Re8+ Rf8 39. Qb7 Rxf1+ 40. Kxf1 Qh6 41. Rxf8+ Kxf8 42. Qc8+ Ke7 43. Qxc4 Qd6 44. Bxg7 f4 45. Kg2 fxg3 46. hxg3 Qb6 47. Bd4 Qb7 48. Qe2+ Kf8 49. Bc5+ Kg7 50. Qe5+ Kf7 51. Qe6+ Kg7 52. Be7 Qa8 53. Bf6+ Kh6 54. Bb2+ Bg6 55. Qe3+ 1-0